El círculo de Viena: empirismo lógico, ciencia, cultura y política

Salvato in:
Dettagli Bibliografici
Autore principale: Stadler, Friedrich (Autore)
Natura: Libro
Lingua:spagnolo
Pubblicazione: Santiago Fondo de Cultura Económica 2011
Edizione:1a. ed
Serie:Obras de Filosofía
Soggetti:
Tags: Aggiungi Tag
Nessun Tag, puoi essere il primo ad aggiungerne!!

MARC

LEADER 00000cam a2200000 a 4500
001 UCG6221
003 CL-VaPUC
008 110407e20110000CL |||||||||||||||||spa|d
020 |a 9789562890854 
082 0 4 |a 146.42  |b STA  |2 21 
100 0 |a Stadler, Friedrich  |e author  |9 556270 
245 1 3 |a El círculo de Viena: empirismo lógico, ciencia, cultura y política 
250 |a 1a. ed 
300 |a 972 p 
942 |c BK 
945 |d 20110407 00:00:00  |a jcampos 
260 |a Santiago  |b Fondo de Cultura Económica  |c 2011 
650 0 |a Empirismo  |9 255037 
650 0 |a Positivismo lógico  |9 255539 
650 0 |a Escuelas filosóficas   |9 266232 
583 |a last modification  |c 20150903 11:54:43  |k Rodrigo Vera 
490 0 |a Obras de Filosofía 
999 |c 344495  |d 344493 
952 |0 0  |1 0  |4 0  |6 146_420000000000000_STA_2011  |7 0  |8 A  |9 442489  |a BIBEDU  |b BIBEDU  |d 2019-11-22  |i 4765028  |o 146.42 STA 2011  |p 4765028  |r 2019-11-22  |w 2019-11-22  |y BK  |k FIL 
952 |0 0  |1 0  |3 erb  |4 0  |6 146_420000000000000_STA_2011  |7 0  |8 A  |9 442490  |a BIBEDU  |b BIBEDU  |i 5197031  |o 146.42 STA 2011  |p 5197031  |r 2019-11-22  |w 2019-11-22  |y BK  |z Catalogado en:20150904  |k FIL